Statistics for Haikyuu!! — Kamomedai Team Members

Click here to take the quiz!

General Stats

  • This quiz has been taken 21 times
  • The average score is 5 of 9

Answer Stats

TeamMember% Correct
#5 (WS)Kōrai Hoshiumi
100%
#6 (MB)Sachirō Hirugami
78%
#10 (WS)Gao Hakuba
61%
CoachAaron Murphy
44%
#1 (S)Aikichi Suwa
44%
#4 (WS)Izuru Nozawa
44%
#7 (WS)Isao Norikura
39%
#8 (MB)Kazuyoshi Bessho
39%
#13 (L)Keiichirō Kanbayashi
39%

Score Distribution

Percentile by Number Answered

Percent of People with Each Score

Your Score History

You have not taken this quiz